000 00466cam a2200181ua 4500
020 _c125.00
041 _aeng
_h
082 _a581.15
_bGOS/PR
100 _aGozwami, H K .
245 _aPractical cytology applied genetics and biostatistics /
_cH K Gozwami.
_hTextual Documents
250 _a1 /
_b.
260 _aMumbai :
_bHimalaya Publishers ,
_c1986.
300 _a255 ; .
365 _a125.00
504 _a
942 _cBK
999 _c9599
_d9599